[Event "Berlin Spring op-B"]
[Site "Berlin"]
[Date "2014.05.02"]
[Round "3"]
[White "Gmerek, Henning"]
[Black "Roehr, Tobias"]
[Result "0-1"]
[WhiteElo "1357"]
[BlackElo "1610"]
[PlyCount "44"]
[EventDate "2014.05.01"]
[EventType "swiss"]
[EventRounds "7"]
[EventCountry "GER"]
[SourceTitle "CBM 160 Extra"]
[Source "ChessBase"]
[SourceDate "2014.07.01"]
[SourceVersion "1"]
[SourceVersionDate "2014.07.01"]
[SourceQuality "1"]

1. d4 Nf6 2. c4 e5 3. d5 Bc5 4. Nh3 h6 5. e3 c6 6. Nc3 0-0 7. Be2 Bb4 8. Qb3 Bxc3+ 9. Qxc3 Re8 10. f3 cxd5 11. 0-0 Nc6 12. Rd1 d4 13. Qc2 Nb4 14. Qb3 Nc6 15. e4 d6 16. Nf2 Nd7 17. Qc2 Nc5 18. a3 a5 19. Bd2 Qb6 20. b4 axb4 21. Rdb1 b3 22. Rxb3 Qxb3 0-1

[Event "GER Seniors Derby 07th"]
[Site "Wesel Undeloh"]
[Date "2008.03.29"]
[Round "5.17"]
[White "Gmerek, Henning"]
[Black "Moeller, Bernd"]
[Result "0-1"]
[WhiteElo "1424"]
[BlackElo "1589"]
[PlyCount "71"]
[EventDate "2008.03.27"]
[EventType "swiss"]
[EventRounds "7"]
[EventCountry "GER"]
[SourceTitle "EXT 2022"]
[Source "ChessBase"]
[SourceDate "2021.10.06"]
[SourceVersion "1"]
[SourceVersionDate "2021.10.06"]
[SourceQuality "1"]

1. d4 d5 2. c4 e6 3. Nf3 Nf6 4. Bg5 Be7 5. e3 Nbd7 6. Nc3 c6 7. c5 b6 8. b4 0-0 9. e4 Nxe4 10. Bxe7 Qxe7 11. Nxe4 dxe4 12. Nd2 f5 13. Be2 Nf6 14. 0-0 Nd5 15. Qb3 Bd7 16. Nc4 Rfb8 17. Ne5 bxc5 18. dxc5 Rxb4 19. Qc2 a5 20. g3 Be8 21. Rac1 g6 22. Kg2 g5 23. h3 Qc7 24. Nc4 Bg6 25. Nd6 Qg7 26. Nc4 Qc7 27. Nd6 f4 28. Bg4 Bf7 29. Nxe4 fxg3 30. Nxg5 Nf6 31. Nxe6 Qe5 32. Qf5 Nxg4 33. hxg4 Qxe6 34. Qg5+ Bg6 35. Qe3 Qxe3 36. fxe3 0-1